Spinoza als kritiker und ausleger des Alten Testaments. (Record no. 91510)

MARC details
000 -LEADER
fixed length control field 00625cam a2200193u 4500
001 - CONTROL NUMBER
control field unk84015439
003 - CONTROL NUMBER IDENTIFIER
control field DLC
005 - DATE AND TIME OF LATEST TRANSACTION
control field 20260227112801.0
008 - FIXED-LENGTH DATA ELEMENTS--GENERAL INFORMATION
fixed length control field 840524s1867 gw 000 0 ger
010 ## - LIBRARY OF CONGRESS CONTROL NUMBER
LC control number unk84015439
040 ## - CATALOGING SOURCE
Original cataloging agency DLC
Transcribing agency CarP
Modifying agency DLC
050 00 - LIBRARY OF CONGRESS CALL NUMBER
Classification number BS1161.S6
Item number S5
100 1# - MAIN ENTRY--PERSONAL NAME
Personal name Siegfried, Carl,
Dates associated with a name 1830-1903.
245 10 - TITLE STATEMENT
Title Spinoza als kritiker und ausleger des Alten Testaments.
260 ## - PUBLICATION, DISTRIBUTION, ETC.
Place of publication, distribution, etc. Naumburg,
Name of publisher, distributor, etc. Heinrich Sieling,
Date of publication, distribution, etc. 1867.
300 ## - PHYSICAL DESCRIPTION
Extent 1 p.l., 53, xxii p.
Dimensions 26 cm.
530 ## - ADDITIONAL PHYSICAL FORM AVAILABLE NOTE
Additional physical form available note Also available in digital form on the Internet Archive Web site.
856 41 - ELECTRONIC LOCATION AND ACCESS
Uniform Resource Identifier <a href="http://hdl.loc.gov/loc.gdc/scd0001.00220092823">http://hdl.loc.gov/loc.gdc/scd0001.00220092823</a>

No items available.

Powered by Koha